(Two) 2 states : (Record no. 35107)

MARC details
000 -LEADER
fixed length control field 00912nam a22002297a 4500
005 - DATE AND TIME OF LATEST TRANSACTION
control field 20100406154211.0
008 - FIXED-LENGTH DATA ELEMENTS--GENERAL INFORMATION
fixed length control field 100406t xxu||||| |||| 00| 0 eng d
010 ## - LCCN (DPL NO)
LC control number B-379411
020 ## - INTERNATIONAL STANDARD BOOK NUMBER
International Standard Book Number 9788129115300
Terms of availability 95.00
035 ## - SYSTEM CONTROL NUMBER
System control number B-379411
037 ## - SOURCE OF ACQUISITION
Source of stock number/acquisition Pansy Books
040 ## - CATALOGING SOURCE
Original cataloging agency dpl
Language of cataloging English
082 ## - DEWEY DECIMAL CLASSIFICATION NUMBER
Classification number N
100 ## - MAIN ENTRY--PERSONAL NAME
Personal name Bhagat, Chetan
245 ## - TITLE STATEMENT
Title (Two) 2 states :
Remainder of title the story of my marriage /
Statement of responsibility, etc by Chetan Bhagat
260 ## - PUBLICATION, DISTRIBUTION, ETC. (IMPRINT)
Place of publication, distribution, etc New Delhi
Name of publisher, distributor, etc Rupa &Co.
Date of publication, distribution, etc 2010
270 ## - ADDRESS
Address 1410 Chiranjiv Tower 43 Nehru Place
City New Delhi
Postal code 110019
300 ## - PHYSICAL DESCRIPTION
Extent 269p.
Dimensions 18cm (pbk)
942 ## - ADDED ENTRY ELEMENTS (KOHA)
Source of classification or shelving scheme Dewey Decimal Classification
Item type English Books
Classification part N
Call number suffix BHA
Holdings
Withdrawn status Lost status Source of classification or shelving scheme Damaged status Not for loan Collection code Home library Current library Date acquired Source of acquisition Cost, normal purchase price Total Checkouts Full call number Barcode Date last seen Copy number Cost, replacement price Koha item type
  Written-off vide DLB M. No. 383 dt 16.05.19 Dewey Decimal Classification     Fiction Central Library Central Library 06/04/2010 Pansy/987/24.2.10/176/23.2.10/24.2.10 95.00   N BHA B-379411 06/04/2010 1 95.00 English Books

© Delhi Public Library
Hit Counter
free hit counter